| 000 | 00703nam a2200289Ia 4500 | ||
|---|---|---|---|
| 005 | 20260324141607.0 | ||
| 008 | 008 260324s9999 xx 000 0 eng d | ||
| 020 | _a9781315037530 | ||
| 037 | _aEBOOK | ||
| 040 | _aCRL | ||
| 040 | _beng | ||
| 040 | _cCRL | ||
| 041 | _2eng | ||
| 041 | _aeng | ||
| 084 | _qCRL | ||
| 100 |
_aClive A. Jones _91208774 |
||
| 245 | 0 | _aSoviet Jewish Aliyah, 1989-92 | |
| 245 | 0 | _bImpact and Implications for Israel and the Middle East | |
| 260 | _bTaylor and Francis | ||
| 260 | _c1996 | ||
| 365 | _a | ||
| 365 | _b240 | ||
| 856 | _uhttp://www.taylorfrancis.com/books/9781315037530 | ||
| 942 | _cEBOOK | ||
| 999 |
_c1812041 _d1812041 |
||